000 00876nam a2200253Ia 4500
003 OSt
005 20221005112420.0
006 a|||||r|||| 00| 0
007 ta
008 221004b |||||||| |||| 00| 0 pan d
024 _a116608
037 _cTextual
040 _aCRL
_cCRL
_bpan
041 _2pan
_apan
082 _aY:351.236, 153P9
100 _aਗੁਰਦਾਸ ਸਿੰਘ, ਨਿਰਮਾਣ
245 0 _aਪੁਆਧੀ ਸੱਭਿਅਤਾ ਦੀ ਪੇ੍ਵਡੂ ਵਿਰਾਸਤ
260 _aਚੰਡਿਗੜ
_bਲੋਕਗੀਤ ਪ੍ਰਕਾਨ ਭਾਰਤ
_c2009
300 _a152ਪੰ
_ccm.
650 _a ਲੋਕਧਾਰਾ
650 _aਸਮਾਜ ਵਿਗਿਆਨ
_9156353
942 _hY:351.236, 153P9
_cTEXL
_2cc
999 _c1024818
_d1024818